000 00592nam a2200217Ia 4500
003 BUBTL
008 151213s9999 xx 000 0 und d
082 _a341.481/K176i
100 _aKapoor, Dr. S.K.
_93947
245 _aInternational Law & Human Rights
_cDr. S.K. Kapoor
250 _a12th
260 _aLacknow
_bCentral Law Agency
_cc2008
300 _a[xxx] , 453p . :
_b22 .cm
500 _aIncludes Index
650 _aLaw
_93948
650 _aLaw
_93948
700 _aDr. S.K. Kapoor
_93949
856 _k0
_l0
_yDownload
942 _2ddc
_cBK
999 _c3660
_d3660